ANNÉE DE NAISSANCE - Statistiques

Statistiques générales
  • Ce quiz a été pris 1 262 fois
  • Le résultat moyen est 7 sur 10
Statistiques - réponses
réponse % Correct
1 2000
87%
2 2003
80%
5 2014
80%
6 2009
79%
10 2009
79%
9 2012
79%
3 2011
77%
4 1980
62%
7 1998
59%
8 1960
36%
Aucun quiz correspondant
Distribution des résultats
% des personnes avec chaque résultat
Percentile par nombre de réponses
Votre historique - résultats
Vous n’avez pas pris ce quiz